000 00247nam a2200121Ia 4500
008 190216s9999||||xx |||||||||||||| ||und||
100 _aNull
245 0 _aDelhi
260 _bDc Books
300 _a234
650 _aMalayalam Novel
942 _cBK
999 _c26535
_d26535